Statystyki dla Państwa z największą liczbą osób mówiących po polsku

Kliknij tutaj aby rozwiązać quiz!

Ogólne statystyki

  • Ten quiz został rozwiązany 25 392 razy
  • Średni wynik to 8 z 10

Statystyki odpowiedzi

# Użytkownicy%Państwo% Poprawnych
37,815,00098.2Polska
99%
1,112,0001.4Niemcy
98%
576,0000.2Stany Zjednoczone
93%
52,0000.5Czechy
89%
660,0001.0Wielka Brytania
87%
275,0000.4Francja
82%
160,0005.3Litwa
80%
181,0000.5Kanada
74%
135,0002.9Irlandia
55%
51,0000.2Australia
46%

Rozkład punktacji

Percentyl według liczby udzielonych odpowiedzi

Procent ludzi z każdym wynikiem

Twoja historia wyników

Nie rozwiązałeś tego quizu